Avventure sull'isola deserta /

Saved in:
Bibliographic Details
Main Author: Sienczyk, Maciej
Other Authors: Prola, Dario (Translator)
Format: Book
Language:Italian
Published: Bologna : Canicola, 2014
Series:Jaroslav falta
Tags: Add Tag
No Tags, Be the first to tag this record!

MARC

LEADER 00000nam a22000007i 4500
001 IT\ICCU\MOD\1638425
003 ItRI
005 20260115232156.0
008 141029s2014 it |||||| |||||1|||||c
020 |a 9788890694172 
040 |b ita  |c importazione bologna sebina 
041 7 |a ita  |2 ISO-639-2 
100 1 |a Sienczyk, Maciej  |0 IT\ICCU\RMSV\965277 
240 1 0 |a Przygody na bezludnej wyspie  |3 IT\ICCU\MOD\1638426  |9 Sienczyk, Maciej 
245 1 0 |a Avventure sull'isola deserta /  |c Maciej Sienczyk. 
260 |a Bologna :  |b Canicola,  |c 2014 
300 |a 1 volume :  |b fumetti color. ;  |c 24 cm 
500 |a Traduzione di Dario Prola. 
700 1 |a Prola, Dario  |0 IT\ICCU\USMV\894119  |4 trl 
830 0 |a Jaroslav falta  |0 IT\ICCU\LIG\0243767 
942 |2 ddc  |c BK  |n 0 
952 |0 0  |1 0  |4 0  |6 F_741_594000000000000_SIE  |7 0  |9 21418  |a BO  |b BO  |d 2026-01-15  |i 20138  |l 0  |o F 741.594 SIE  |p BO20138  |r 2026-01-15 23:21:56  |w 2026-01-15  |x [Sebina 5] [1 v.]  |y BK  |z 1 v. 
999 |c 18287  |d 18287